000 00276nam a2200109Ia 4500
008 220204s9999 xx 000 0 und d
082 _a159.9
_bFRE
100 _aFreud, Sigmund
245 0 _aMajor works of Sigmund Freud
260 _aChicago
_bWilliam Benton
_c1952
942 _cBK
999 _c36181
_d36181